{"text_format":"3","workbook":"xlsx","n_sheets":1,"sheets":["清单"],"not_rendered":{"defined_names":1},"read":"whole","date_system":"1900"}

{"sheet":"清单","index":0,"n_rows":408,"n_cols":10,"rows_kept":408,"merged":[[0,0,0,9],[1,0,2,0],[1,1,2,1],[1,2,2,2],[1,3,2,3],[1,4,2,4],[1,5,1,6],[1,7,1,8],[1,9,2,9],[407,0,407,6]]}
["雅安市大兴生态旅游建设项目零星材料采购清单"]
["序号","材料名称","规格型号","单位","暂估数量","含税控制价（元）（税率13%）",null,"含税报价（元）（税率13%）",null,"备注"]
[{"$nulls":5},"综合单价","合价","综合单价","合价"]
[1,"安全袖标",null,"个",{"v":10,"d":"10.00"},{"v":5,"d":"5.00"},{"$f":"F4*E4","v":{"v":50,"d":"50.00"}}]
[2,"机油","1L","瓶",5,{"v":28,"d":"28.00"},{"$f":"F5*E5","v":{"v":140,"d":"140.00"}}]
[3," 过滤器","喷淋机","个",5,{"v":105,"d":"105.00"},{"v":525,"d":"525.00"}]
[4,"喷淋机滤网接管",25,"米",20,{"v":12,"d":"12.00"},{"v":240,"d":"240.00"}]
[5," 空开带漏电保护器 ","100A.4P","个",1,{"v":113,"d":"113.00"},{"v":113,"d":"113.00"}]
[6,"铜芯电缆线","5x4","米",100,{"v":31,"d":"31.00"},{"v":3100,"d":"3100.00"}]
[7,"内六角",null,"套",1,{"v":40,"d":"40.00"},{"v":40,"d":"40.00"}]
[8,"铝线鼻子",35,"个",10,{"v":5,"d":"5.00"},{"v":50,"d":"50.00"}]
[9,"铝线鼻子",95,"个",10,{"v":6,"d":"6.00"},{"v":60,"d":"60.00"}]
[10,"波纹管",50,"米",300,{"v":6,"d":"6.00"},{"v":1800,"d":"1800.00"}]
[11,"铅笔",null,"支",20,{"v":2,"d":"2.00"},{"v":40,"d":"40.00"}]
[12,"墨水",null,"瓶",1,{"v":10,"d":"10.00"},{"v":10,"d":"10.00"}]
[13,"卷尺","10m","把",5,{"v":12,"d":"12.00"},{"v":60,"d":"60.00"}]
[14,"高压清洗机","2.2KW","台",1,{"v":2495,"d":"2495.00"},{"v":2495,"d":"2495.00"}]
[15,"三级配电箱","600*800含 线材组装","套",1,{"v":1450,"d":"1450.00"},{"v":1450,"d":"1450.00"}]
[16,"三级配电箱","500*600含 线材组装","套",2,{"v":987,"d":"987.00"},{"v":1974,"d":"1974.00"}]
[17,"铜芯电缆线","5x6","米",200,{"v":40,"d":"40.00"},{"v":8000,"d":"8000.00"}]
[18,"吊带","5T*3","根",2,{"v":76,"d":"76.00"},{"v":152,"d":"152.00"}]
[19,"PE管32A","32*1.6","米",50,{"v":7.9,"d":"7.90"},{"v":395,"d":"395.00"}]
[20,"PE闸阀",50,"个",2,{"v":30,"d":"30.00"},{"v":60,"d":"60.00"}]
[21,"PE闸阀",32,"个",30,{"v":15,"d":"15.00"},{"v":450,"d":"450.00"}]
[22,"PE直接","32-20","个",30,{"v":6,"d":"6.00"},{"v":180,"d":"180.00"}]
[23,"嵌缝膏","20kg","kg",60,{"v":8,"d":"8.00"},{"v":480,"d":"480.00"}]
[24," 角磨机","手提式","台",2,{"v":345,"d":"345.00"},{"v":690,"d":"690.00"}]
[25,"打磨片",400,"张",10,{"v":35,"d":"35.00"},{"v":350,"d":"350.00"}]
[26,"波纹管",50,"米",300,{"v":5.8,"d":"5.80"},{"v":1740,"d":"1740.00"}]
[27,"木梯","4米","架",1,{"v":220,"d":"220.00"},{"v":220,"d":"220.00"}]
[28,"存水弯",110,"个",2,{"v":69,"d":"69.00"},{"v":138,"d":"138.00"}]
[29,"增强管",32,"米",30,{"v":10,"d":"10.00"},{"v":300,"d":"300.00"}]
[30,"空开","63A3P","个",1,{"v":32,"d":"32.00"},{"v":32,"d":"32.00"}]
[31,"内六角螺丝",35,"盒",1,{"v":39.5,"d":"39.50"},{"v":39.5,"d":"39.50"}]
[32,"LED灯","300W","盏",8,{"v":320,"d":"320.00"},{"v":2560,"d":"2560.00"}]
[33,"铜芯电缆线","2*4 ","米",300,{"v":10,"d":"10.00"},{"v":3000,"d":"3000.00"}]
[34,"铝线鼻子",150,"个",10,{"v":8,"d":"8.00"},{"v":80,"d":"80.00"}]
[35,"铝线鼻子",120,"个",10,{"v":8,"d":"8.00"},{"v":80,"d":"80.00"}]
[36,"LED灯","30W","盏",10,{"v":30,"d":"30.00"},{"v":300,"d":"300.00"}]
[37,"PE三通",32,"个",20,{"v":6,"d":"6.00"},{"v":120,"d":"120.00"}]
[38,"PE三通",25,"个",20,{"v":6,"d":"6.00"},{"v":120,"d":"120.00"}]
[39,"PE三通",20,"个",20,{"v":6,"d":"6.00"},{"v":120,"d":"120.00"}]
[40,"PE直接","25-20","个",20,{"v":6,"d":"6.00"},{"v":120,"d":"120.00"}]
[41,"PE直接","32-25","个",20,{"v":6,"d":"6.00"},{"v":120,"d":"120.00"}]
[42,"铝芯电缆","4*185+1*95","米",150,{"v":110,"d":"110.00"},{"v":16500,"d":"16500.00"}]
[43,"铝线鼻子",185,"只",30,{"v":10,"d":"10.00"},{"v":300,"d":"300.00"}]
[44,"铝线鼻子",95,"只",10,{"v":5,"d":"5.00"},{"v":50,"d":"50.00"}]
[45,"铝管直接",240,"只",20,{"v":15,"d":"15.00"},{"v":300,"d":"300.00"}]
[46,"铝管直接",95,"只",10,{"v":5,"d":"5.00"},{"v":50,"d":"50.00"}]
[47,"铝线鼻子",150,"只",10,{"v":8,"d":"8.00"},{"v":80,"d":"80.00"}]
[48,"铝线鼻子",120,"只",10,{"v":8,"d":"8.00"},{"v":80,"d":"80.00"}]
[49,"二级配电箱","600*800*带脚架含400A,总开含线材组装","套",1,{"v":978,"d":"978.00"},{"v":978,"d":"978.00"}]
[50,"二级配电箱","*800*1000带脚架含400A空开，250A空开含线材组装","套",1,{"v":2435,"d":"2435.00"},{"v":2435,"d":"2435.00"}]
[51,"草皮【仿真】","2*20","m2",320,{"v":4.7,"d":"4.70"},{"v":1504,"d":"1504.00"}]
[52,"螺丝钉【草皮】 "," ","盒",1,{"v":39.5,"d":"39.50"},{"v":39.5,"d":"39.50"}]
[53,"LED灯","50W","盏",2,{"v":69,"d":"69.00"},{"v":138,"d":"138.00"}]
[54,"LED灯","30W","盏",10,{"v":30,"d":"30.00"},{"v":300,"d":"300.00"}]
[55,"LED灯","300W","盏",10,{"v":320,"d":"320.00"},{"v":3200,"d":"3200.00"}]
[56,"卡扣",25,"个",2,{"v":8,"d":"8.00"},{"v":16,"d":"16.00"}]
[57,"接扣【对接】",50,"付",1,{"v":15,"d":"15.00"},{"v":15,"d":"15.00"}]
[58,"不锈钢喉箍",63,"个",2,{"v":8,"d":"8.00"},{"v":16,"d":"16.00"}]
[59,"不锈钢喉箍",89,"个",2,{"v":8,"d":"8.00"},{"v":16,"d":"16.00"}]
[60,"铝芯电缆","4*35+1*16","米",200,{"v":30,"d":"30.00"},{"v":6000,"d":"6000.00"}]
[61,"铝线鼻子",120,"只",30,{"v":12,"d":"12.00"},{"v":360,"d":"360.00"}]
[62,"铝线鼻子",150,"只",10,{"v":12,"d":"12.00"},{"v":120,"d":"120.00"}]
[63,"铝线鼻子",35,"只",20,{"v":6,"d":"6.00"},{"v":120,"d":"120.00"}]
[64,"铝管直接",185,"只",10,{"v":12,"d":"12.00"},{"v":120,"d":"120.00"}]
[65," 配电箱","600*800*带脚架含400A空开，4P63A漏电.空开，2P63A漏电.公开线材组装","套",1,{"v":2000,"d":"2000.00"},{"v":2000,"d":"2000.00"}]
[66," 配电箱","500*600*带脚架含150A总空开4P63A漏电.空开，2P63A漏电.空开含线材组装","套",1,{"v":1800,"d":"1800.00"},{"$f":"F69*E69","v":{"v":1800,"d":"1800.00"}}]
[67,"高压橡胶自粘带","防水","盒",20,{"v":14,"d":"14.00"},{"v":280,"d":"280.00"}]
[68,"脚架","600*800 ","个",1,{"v":132,"d":"132.00"},{"v":132,"d":"132.00"}]
[69,"胶带",200,"卷",20,{"v":14,"d":"14.00"},{"v":280,"d":"280.00"}]
[70,"扎丝",400,"包",4,{"v":50,"d":"50.00"},{"v":200,"d":"200.00"}]
[71,"PVC管 ","160*4","米",16,{"v":47,"d":"47.00"},{"v":752,"d":"752.00"}]
[72,"撮箕",null,"个",10,{"v":30,"d":"30.00"},{"v":300,"d":"300.00"}]
[73,"LED灯【黑金钢】","100W","盏",10,{"v":149,"d":"149.00"},{"v":1490,"d":"1490.00"}]
[74,"LED灯【球型】","100W","盏",10,{"v":149,"d":"149.00"},{"v":1490,"d":"1490.00"}]
[75,"LED灯】碘钨】","100W","盏",20,{"v":45,"d":"45.00"},{"v":900,"d":"900.00"}]
[76,"LED灯【极光】","300W","盏",5,{"v":320,"d":"320.00"},{"v":1600,"d":"1600.00"}]
[77,"试压模","150*150*150","块",5,{"v":40,"d":"40.00"},{"v":200,"d":"200.00"}]
[78,"膨胀剂"," ","kg",50,{"v":9.5,"d":"9.50"},{"v":475,"d":"475.00"}]
[79,"洁厕灵"," ","瓶",10,{"v":7.5,"d":"7.50"},{"v":75,"d":"75.00"}]
[80,"燕尾螺丝","5*25","盒",5,{"v":65,"d":"65.00"},{"v":325,"d":"325.00"}]
[81,"机油【美孚】","4L","瓶",6,{"v":68,"d":"68.00"},{"v":408,"d":"408.00"}]
[82,"梯子","2.5*不锈钢","架",1,{"v":302,"d":"302.00"},{"v":302,"d":"302.00"}]
[83,"电工包",16,"个",2,{"v":45,"d":"45.00"},{"v":90,"d":"90.00"}]
[84,"草皮【仿真】","2.5*25","m2",1000,{"v":4.7,"d":"4.70"},{"v":4700,"d":"4700.00"}]
[85,"钉锤"," ","把",2,{"v":28,"d":"28.00"},{"v":56,"d":"56.00"}]
[86,"十字批头",null,"个",5,{"v":5,"d":"5.00"},{"v":25,"d":"25.00"}]
[87,"油桶","50L","个",2,{"v":145,"d":"145.00"},{"v":290,"d":"290.00"}]
[88,"线卡"," ","盒",2,{"v":5,"d":"5.00"},{"v":10,"d":"10.00"}]
[89,"防护镜"," ","付",2,{"v":15,"d":"15.00"},{"v":30,"d":"30.00"}]
[90,"水桶","0.5T","个",1,{"v":410,"d":"410.00"},{"v":410,"d":"410.00"}]
[91,"电动板手",88,"把",1,{"v":745,"d":"745.00"},{"v":745,"d":"745.00"}]
[92,"电动角磨机","88.锂电","台",1,{"v":695,"d":"695.00"},{"v":695,"d":"695.00"}]
[93,"电动角磨机","88.锂电","台",1,{"v":695,"d":"695.00"},{"v":695,"d":"695.00"}]
[94,"电板套筒"," ","套",1,{"v":18,"d":"18.00"},{"v":18,"d":"18.00"}]
[95,"热熔机",63,"台",1,{"v":198,"d":"198.00"},{"v":198,"d":"198.00"}]
[96,"线管弯头多联",32,"个",50,{"v":4.5,"d":"4.50"},{"v":225,"d":"225.00"}]
[97,"油桶","50L","个",5,{"v":145,"d":"145.00"},{"v":725,"d":"725.00"}]
[98,"平板拖车"," ","架",2,{"v":220,"d":"220.00"},{"v":440,"d":"440.00"}]
[99,"试压模","150*150*150","个",3,{"v":40,"d":"40.00"},{"v":120,"d":"120.00"}]
[100,"试压模","70.7*70.7","个",1,{"v":32,"d":"32.00"},{"v":32,"d":"32.00"}]
[101,"试压模","185*175*150","个",6,{"v":40,"d":"40.00"},{"v":240,"d":"240.00"}]
[102,"试压模","150*150*150","个",30,{"v":40,"d":"40.00"},{"v":1200,"d":"1200.00"}]
[103,"铜锣",32,"套",1,{"v":148,"d":"148.00"},{"v":148,"d":"148.00"}]
[104,"手摇报警器"," ","个",1,{"v":220,"d":"220.00"},{"v":220,"d":"220.00"}]
[105,"高音喇叭"," ","只",1,{"v":112,"d":"112.00"},{"v":112,"d":"112.00"}]
[106,"脱模剂"," 25KG","桶",5,{"v":165,"d":"165.00"},{"v":825,"d":"825.00"}]
[107,"铁高粱扫把",null,"把",5,{"v":32,"d":"32.00"},{"v":160,"d":"160.00"}]
[108,"电动角磨机","88.锂电","台",2,{"v":680,"d":"680.00"},{"v":1360,"d":"1360.00"}]
[109,"试压模",75,"个",10,{"v":32,"d":"32.00"},{"v":320,"d":"320.00"}]
[110,"梯子","6米","架",1,{"v":290,"d":"290.00"},{"v":290,"d":"290.00"}]
[111,"电锤","两用","台",1,{"v":750,"d":"750.00"},{"v":750,"d":"750.00"}]
[112,"电锤头","12.14.16","根",3,{"v":29,"d":"29.00"},{"v":87,"d":"87.00"}]
[113,"水泥支撑",200,"根",800,{"v":4,"d":"4.00"},{"v":3200,"d":"3200.00"}]
[114,"LED灯","300W","盏",10,{"v":320,"d":"320.00"},{"v":3200,"d":"3200.00"}]
[115,"试压头子",null,"个",5,{"v":32,"d":"32.00"},{"v":160,"d":"160.00"}]
[116,"垃圾袋","600*900","个",300,{"v":1.5,"d":"1.50"},{"v":450,"d":"450.00"}]
[117,"木方条","2*4*4","根",32,{"v":31,"d":"31.00"},{"v":992,"d":"992.00"}]
[118,"透气帽",110,"个",6,{"v":23,"d":"23.00"},{"v":138,"d":"138.00"}]
[119,"透气帽",50,"个",15,{"v":5,"d":"5.00"},{"v":75,"d":"75.00"}]
[120,"检查口",50,"个",18,{"v":15,"d":"15.00"},{"v":270,"d":"270.00"}]
[121,"伸缩接",50,"个",30,{"v":12,"d":"12.00"},{"v":360,"d":"360.00"}]
[122,"直接",50,"个",20,{"v":6,"d":"6.00"},{"v":120,"d":"120.00"}]
[123,"吊卡",50,"套",200,{"v":5,"d":"5.00"},{"v":1000,"d":"1000.00"}]
[124,"顺水三通",50,"个",20,{"v":15,"d":"15.00"},{"v":300,"d":"300.00"}]
[125,"顺水三通",75,"个",30,{"v":15,"d":"15.00"},{"v":450,"d":"450.00"}]
[126,"弯头","75*90","个",10,{"v":15,"d":"15.00"},{"v":150,"d":"150.00"}]
[127,"弯头","75*45","个",100,{"v":15,"d":"15.00"},{"v":1500,"d":"1500.00"}]
[128,"无口弯",75,"个",36,{"v":15,"d":"15.00"},{"v":540,"d":"540.00"}]
[129,"补芯","75*5","个",30,{"v":6,"d":"6.00"},{"v":180,"d":"180.00"}]
[130,"伸缩接",75,"个",6,{"v":16,"d":"16.00"},{"$f":"F133*E133","v":{"v":96,"d":"96.00"}}]
[131,"吊卡",75,"套",20,{"v":5,"d":"5.00"},{"v":100,"d":"100.00"}]
[132,"斜三通","110*75","个",6,{"v":39,"d":"39.00"},{"v":234,"d":"234.00"}]
[133,"顺水三通","110*75","个",30,{"v":29,"d":"29.00"},{"v":870,"d":"870.00"}]
[134,"顺水三通","110*50","个",70,{"v":29,"d":"29.00"},{"v":2030,"d":"2030.00"}]
[135,"顺水三通",110,"个",78,{"v":29,"d":"29.00"},{"v":2262,"d":"2262.00"}]
[136,"顺水平四通",160,"个",2,{"v":47,"d":"47.00"},{"v":94,"d":"94.00"}]
[137,"补芯","160*110","个",4,{"v":14,"d":"14.00"},{"v":56,"d":"56.00"}]
[138,"天漏",110,"个",10,{"v":39,"d":"39.00"},{"v":390,"d":"390.00"}]
[139,"检查口",110,"个",30,{"v":29,"d":"29.00"},{"v":870,"d":"870.00"}]
[140,"伸缩接",110,"个",60,{"v":32,"d":"32.00"},{"v":1920,"d":"1920.00"}]
[141,"吊卡",160,"套",30,{"v":10,"d":"10.00"},{"v":300,"d":"300.00"}]
[142,"不锈钢雨水斗","DN110","个",4,{"v":67,"d":"67.00"},{"v":268,"d":"268.00"}]
[143,"不锈钢雨水斗","DN160","个",6,{"v":85,"d":"85.00"},{"v":510,"d":"510.00"}]
[144,"伸缩接",160,"个",10,{"v":42,"d":"42.00"},{"v":420,"d":"420.00"}]
[145,"检查口",160,"个",8,{"v":75,"d":"75.00"},{"v":600,"d":"600.00"}]
[146,"吊卡",160,"套",200,{"v":15,"d":"15.00"},{"v":3000,"d":"3000.00"}]
[147,"PVC管",25,"m ",40,{"v":10,"d":"10.00"},{"v":400,"d":"400.00"}]
[148,"PE弯头【承插】",75,"个",10,{"v":19,"d":"19.00"},{"v":190,"d":"190.00"}]
[149,"厚漆"," ","kg",5,{"v":42,"d":"42.00"},{"v":210,"d":"210.00"}]
[150,"银粉漆","1*15","kg",30,{"v":29,"d":"29.00"},{"v":870,"d":"870.00"}]
[151,"防腐漆沥青","20kg","桶",2,{"v":156,"d":"156.00"},{"v":312,"d":"312.00"}]
[152,"铝芯电缆","4*120+1*70","米",150,{"v":69,"d":"69.00"},{"v":10350,"d":"10350.00"}]
[153,"雨伞",null,"把",10,{"v":42,"d":"42.00"},{"v":420,"d":"420.00"}]
[154,"给水室内不锈钢管卡 ","DN65","个",70,{"v":42,"d":"42.00"},{"v":2940,"d":"2940.00"}]
[155,"螺杆.螺帽",65,"套",70,{"v":5,"d":"5.00"},{"v":350,"d":"350.00"}]
[156,"防腐漆沥青","20kg","桶",5,{"v":162,"d":"162.00"},{"v":810,"d":"810.00"}]
[157,"沟槽内丝大小","65*60","个",20,{"v":29,"d":"29.00"},{"v":580,"d":"580.00"}]
[158,"铜芯防护闸阀","DN50","个",20,{"v":432,"d":"432.00"},{"v":8640,"d":"8640.00"}]
[159,"可曲扰橡胶接头","DN50","个",20,{"v":95,"d":"95.00"},{"v":1900,"d":"1900.00"}]
[160,"法兰【丝口】","DN50","片",40,{"v":61,"d":"61.00"},{"v":2440,"d":"2440.00"}]
[161,"U型钢卡",100,"个",20,{"v":8,"d":"8.00"},{"v":160,"d":"160.00"}]
[162,"U型钢卡",80,"个",20,{"v":8,"d":"8.00"},{"v":160,"d":"160.00"}]
[163,"U型钢卡",65,"个",50,{"v":8,"d":"8.00"},{"v":400,"d":"400.00"}]
[164,"U型钢卡",50,"个",50,{"v":8,"d":"8.00"},{"v":400,"d":"400.00"}]
[165,"沟槽弯头","100*9","个",10,{"v":52,"d":"52.00"},{"v":520,"d":"520.00"}]
[166,"沟槽三通","DN100","个",3,{"v":76,"d":"76.00"},{"v":228,"d":"228.00"}]
[167,"沟槽大小头","100*80","个",6,{"v":45,"d":"45.00"},{"v":270,"d":"270.00"}]
[168,"铜芯防护闸阀","DN80","个",6,{"v":520,"d":"520.00"},{"v":3120,"d":"3120.00"}]
[169,"给水室内不锈钢管卡 ","DN114","个",30,{"v":42,"d":"42.00"},{"v":1260,"d":"1260.00"}]
[170,"螺杆.螺帽",114,"套",30,{"v":6,"d":"6.00"},{"v":180,"d":"180.00"}]
[171,"给水室内不锈钢管卡 ","DN80","个",20,{"v":42,"d":"42.00"},{"v":840,"d":"840.00"}]
[172,"螺杆.螺帽",89,"套",20,{"v":6,"d":"6.00"},{"v":120,"d":"120.00"}]
[173,"碳钢平焊法兰","DN80","片",18,{"v":62,"d":"62.00"},{"v":1116,"d":"1116.00"}]
[174,"沟槽弯头","60*90","个",30,{"v":55,"d":"55.00"},{"v":1650,"d":"1650.00"}]
[175,"碳钢平焊法兰","DN65","片",20,{"v":62,"d":"62.00"},{"v":1240,"d":"1240.00"}]
[176,"铜芯防护闸阀","DN65","个",10,{"v":419,"d":"419.00"},{"v":4190,"d":"4190.00"}]
[177,"沟槽三通","DN65","个",10,{"v":62,"d":"62.00"},{"v":620,"d":"620.00"}]
[178,"热镀锌角钢","40*4*4","米",90,{"v":24,"d":"24.00"},{"v":2160,"d":"2160.00"}]
[179,"雨伞",null,"把",10,{"v":42,"d":"42.00"},{"v":420,"d":"420.00"}]
[180,"长袖的橡胶手套","防滑","双",10,{"v":12,"d":"12.00"},{"v":120,"d":"120.00"}]
[181,"玻纤布","1米*400","卷",2,{"v":147,"d":"147.00"},{"v":294,"d":"294.00"}]
[182,"测距仪","水泥三件套","套",1,{"v":529,"d":"529.00"},{"v":529,"d":"529.00"}]
[183,"手提灯","充电","个",4,{"v":135,"d":"135.00"},{"v":540,"d":"540.00"}]
[184,"塑马","800*1400加重","组",13,{"v":132,"d":"132.00"},{"v":1716,"d":"1716.00"}]
[185,"铁马","1000*1500","组",30,{"v":68,"d":"68.00"},{"v":2040,"d":"2040.00"}]
[186,"吊带","3T*6M","根",2,{"v":79,"d":"79.00"},{"v":158,"d":"158.00"}]
[187,"水龙头【铜丝】",null,"个",1,{"v":75,"d":"75.00"},{"v":75,"d":"75.00"}]
[188,"水桶","0.5T","个",1,{"v":387,"d":"387.00"},{"v":387,"d":"387.00"}]
[189,"墨斗",null,"个",5,{"v":12,"d":"12.00"},{"v":60,"d":"60.00"}]
[190,"墨水",null,"个",2,{"v":12,"d":"12.00"},{"v":24,"d":"24.00"}]
[191,"PE直接",20,"个",50,{"v":5,"d":"5.00"},{"v":250,"d":"250.00"}]
[192,"PE弯头",20,"个",50,{"v":5,"d":"5.00"},{"v":250,"d":"250.00"}]
[193,"PE三通",20,"个",20,{"v":5,"d":"5.00"},{"v":100,"d":"100.00"}]
[194,"PE球阀",20,"个",30,{"v":12,"d":"12.00"},{"$f":"F197*E197","v":{"v":360,"d":"360.00"}}]
[195,"PE弯头",25,"个",30,{"v":6,"d":"6.00"},{"v":180,"d":"180.00"}]
[196,"PE三通",25,"个",20,{"v":6,"d":"6.00"},{"v":120,"d":"120.00"}]
[197,"PE直接",32,"个",20,{"v":6,"d":"6.00"},{"v":120,"d":"120.00"}]
[198,"PE弯头",32,"个",20,{"v":6,"d":"6.00"},{"v":120,"d":"120.00"}]
[199,"PE三通",32,"个",10,{"v":6,"d":"6.00"},{"v":60,"d":"60.00"}]
[200,"PE直接",75,"个",10,{"v":12,"d":"12.00"},{"v":120,"d":"120.00"}]
[201,"链条锁",null,"根",2,{"v":68,"d":"68.00"},{"v":136,"d":"136.00"}]
[202,"丝杆","12*15000","根",100,{"v":12,"d":"12.00"},{"v":1200,"d":"1200.00"}]
[203,"蝴蝶卡。螺帽",null,"套",300,{"v":4,"d":"4.00"},{"v":1200,"d":"1200.00"}]
[204,"钢丝管",20,"米",50,{"v":15,"d":"15.00"},{"v":750,"d":"750.00"}]
[205,"钢丝管",25,"米",50,{"v":15,"d":"15.00"},{"v":750,"d":"750.00"}]
[206," 过滤器","喷淋机","个",5,{"v":118,"d":"118.00"},{"v":590,"d":"590.00"}]
[207,"挤塑板","1800*600*30","张",230,{"v":25,"d":"25.00"},{"v":5750,"d":"5750.00"}]
[208,"木柄",null,"根",5,{"v":25,"d":"25.00"},{"v":125,"d":"125.00"}]
[209,"强力泡沫胶"," ","桶",1,{"v":163,"d":"163.00"},{"v":163,"d":"163.00"}]
[210,"PE直接",110,"个",10,{"v":24,"d":"24.00"},{"v":240,"d":"240.00"}]
[211,"凳子",null,"根",5,{"v":47,"d":"47.00"},{"v":235,"d":"235.00"}]
[212,"PE三通【内丝】","110*75","个",1,{"v":52,"d":"52.00"},{"v":52,"d":"52.00"}]
[213,"PE弯头【内丝】",110,"个",12,{"v":52,"d":"52.00"},{"v":624,"d":"624.00"}]
[214,"PE直接【内丝】",75,"个",10,{"v":14.5,"d":"14.50"},{"v":145,"d":"145.00"}]
[215,"PE弯头【内丝】",75,"个",10,{"v":19,"d":"19.00"},{"v":190,"d":"190.00"}]
[216,"链条锁",null,"根",1,{"v":69,"d":"69.00"},{"v":69,"d":"69.00"}]
[217,"铆钉枪",null,"把",1,{"v":69,"d":"69.00"},{"v":69,"d":"69.00"}]
[218,"铆钉 ",null,"盒",1,{"v":47,"d":"47.00"},{"v":47,"d":"47.00"}]
[219,"白板.笔.擦","35*50","套",1,{"v":69,"d":"69.00"},{"v":69,"d":"69.00"}]
[220,"镀锌钢丝网","15*15*0.65","卷",10,{"v":79,"d":"79.00"},{"v":790,"d":"790.00"}]
[221,"塑马","800*1400加重","组",225,{"v":132,"d":"132.00"},{"v":29700,"d":"29700.00"}]
[222,"防腐漆沥青","20kg","桶",1,{"v":167,"d":"167.00"},{"v":167,"d":"167.00"}]
[223,"水龙头【拖布池】",null,"个",1,{"v":87,"d":"87.00"},{"v":87,"d":"87.00"}]
[224,"水龙头【台上盆】",null,"个",1,{"v":338,"d":"338.00"},{"v":338,"d":"338.00"}]
[225,"水龙头【面盆】",null,"个",1,{"v":265,"d":"265.00"},{"v":265,"d":"265.00"}]
[226,"开孔器","135*350","根",1,{"v":189,"d":"189.00"},{"v":189,"d":"189.00"}]
[227,"开孔器","89*350","根",1,{"v":137,"d":"137.00"},{"v":137,"d":"137.00"}]
[228,"电镐头 65【尖】",500,"根",3,{"v":82,"d":"82.00"},{"v":246,"d":"246.00"}]
[229,"水泵","12v","台",1,{"v":76,"d":"76.00"},{"v":76,"d":"76.00"}]
[230,"二锤",149,"个",1,{"v":95,"d":"95.00"},{"v":95,"d":"95.00"}]
[231,"透气帽",110,"个",6,{"v":25,"d":"25.00"},{"v":150,"d":"150.00"}]
[232,"透气帽",50,"个",15,{"v":4,"d":"4.00"},{"v":60,"d":"60.00"}]
[233,"检查口",50,"个",18,{"v":14,"d":"14.00"},{"v":252,"d":"252.00"}]
[234,"伸缩接",50,"个",30,{"v":15,"d":"15.00"},{"v":450,"d":"450.00"}]
[235,"直接",50,"个",30,{"v":5,"d":"5.00"},{"v":150,"d":"150.00"}]
[236,"吊卡",50,"套",200,{"v":5,"d":"5.00"},{"v":1000,"d":"1000.00"}]
[237,"顺水三通",50,"个",20,{"v":12,"d":"12.00"},{"v":240,"d":"240.00"}]
[238,"顺水三通",75,"个",30,{"v":14,"d":"14.00"},{"v":420,"d":"420.00"}]
[239,"弯头","75*90","个",20,{"v":15,"d":"15.00"},{"v":300,"d":"300.00"}]
[240,"弯头","75*45","个",100,{"v":15,"d":"15.00"},{"v":1500,"d":"1500.00"}]
[241,"无口弯",75,"个",40,{"v":20,"d":"20.00"},{"v":800,"d":"800.00"}]
[242,"补芯","75*50","个",30,{"v":12,"d":"12.00"},{"v":360,"d":"360.00"}]
[243,"伸缩接",75,"个",6,{"v":20,"d":"20.00"},{"v":120,"d":"120.00"}]
[244,"吊卡",75,"套",50,{"v":6,"d":"6.00"},{"v":300,"d":"300.00"}]
[245,"斜三通","110*75","个",6,{"v":42,"d":"42.00"},{"v":252,"d":"252.00"}]
[246,"弯头","160*90",null,20,{"v":42,"d":"42.00"},{"v":840,"d":"840.00"}]
[247,"钢丝网","1*20","卷",10,{"v":78.7,"d":"78.70"},{"v":787,"d":"787.00"}]
[248,"脚架【铝合金】",null,"付",1,{"v":247,"d":"247.00"},{"v":247,"d":"247.00"}]
[249,"垃圾桶",null,"个",5,{"v":23,"d":"23.00"},{"v":115,"d":"115.00"}]
[250," 插板","公牛五孔","个",20,{"v":65,"d":"65.00"},{"v":1300,"d":"1300.00"}]
[251," 铜鼻子",null,"个",30,{"v":5.5,"d":"5.50"},{"v":165,"d":"165.00"}]
[252," 消防喷头","Kd65","个",1,{"v":42,"d":"42.00"},{"v":42,"d":"42.00"}]
[253,"消防快速接扣","Kd65","个",1,{"v":52.5,"d":"52.50"},{"v":52.5,"d":"52.50"}]
[254,"胶带","40公分","圈",3,{"v":19.5,"d":"19.50"},{"v":58.5,"d":"58.50"}]
[255,"吊卡",160,"套",50,{"v":9.5,"d":"9.50"},{"v":475,"d":"475.00"}]
[256,"合页","大","付",4,{"v":31.5,"d":"31.50"},{"v":126,"d":"126.00"}]
[257,"丝杆","12*15000","根",300,{"v":14.2,"d":"14.20"},{"v":4260,"d":"4260.00"}]
[258,"蝴蝶卡。螺帽",null,"套",300,{"v":6,"d":"6.00"},{"$f":"F261*E261","v":{"v":1800,"d":"1800.00"}}]
[259,"链条锁","大","把",5,{"v":76,"d":"76.00"},{"v":380,"d":"380.00"}]
[260,"脚架【铝合金】",null,"付",1,{"v":247,"d":"247.00"},{"v":247,"d":"247.00"}]
[261,"毛巾",null,"张",5,{"v":17,"d":"17.00"},{"v":85,"d":"85.00"}]
[262,"插板","7孔","个",20,{"v":92,"d":"92.00"},{"v":1840,"d":"1840.00"}]
[263,"接扣",80,"付",4,{"v":14.5,"d":"14.50"},{"v":58,"d":"58.00"}]
[264,"不锈钢喉箍","79-90","个",3,{"v":12,"d":"12.00"},{"v":36,"d":"36.00"}]
[265,"墨汁","1*20","件",1,{"v":192,"d":"192.00"},{"v":192,"d":"192.00"}]
[266,"警示灯","太阳能","个",100,{"v":20,"d":"20.00"},{"v":2000,"d":"2000.00"}]
[267,"三角脚支架 ",null,"付",8,{"v":115,"d":"115.00"},{"v":920,"d":"920.00"}]
[268,"草皮【仿真】","2.5*仿真加密","m2",3750,{"v":7.2,"d":"7.20"},{"v":27000,"d":"27000.00"}]
[269,"草皮【仿真】","3.*仿真加密","m2",540,{"v":7.2,"d":"7.20"},{"v":3888,"d":"3888.00"}]
[270,"PE三通【内丝】","110*75","个",10,{"v":54.5,"d":"54.50"},{"v":545,"d":"545.00"}]
[271,"PE弯头【内丝】",110,"个",10,{"v":54.5,"d":"54.50"},{"v":545,"d":"545.00"}]
[272,"手电转","锂电","台",1,{"v":357,"d":"357.00"},{"v":357,"d":"357.00"}]
[273,"电板","锂电","台",1,{"v":732,"d":"732.00"},{"v":732,"d":"732.00"}]
[274,"套筒",8,"个",1,{"v":17.2,"d":"17.20"},{"v":17.2,"d":"17.20"}]
[275,"转尾六角螺丝","25*25","盒",7,{"v":52,"d":"52.00"},{"v":364,"d":"364.00"}]
[276,"钢丝轮球",null,"个",8,{"v":12,"d":"12.00"},{"v":96,"d":"96.00"}]
[277,"斗车","加厚","台",4,{"v":565,"d":"565.00"},{"v":2260,"d":"2260.00"}]
[278,"批头",null,"个",10,{"v":6,"d":"6.00"},{"v":60,"d":"60.00"}]
[279,"弹套",null,"个",1,{"v":16,"d":"16.00"},{"v":16,"d":"16.00"}]
[281,"钢绳","18*6","根",1,{"v":418,"d":"418.00"},{"v":418,"d":"418.00"}]
[282,"卸扣 吊勾",null,"个",2,{"v":63,"d":"63.00"},{"v":126,"d":"126.00"}]
[283,"加厚型水带  ",100,"根",1,{"v":192,"d":"192.00"},{"v":192,"d":"192.00"}]
[284,"不锈钢喉箍","90-110","个",6,{"v":12,"d":"12.00"},{"v":72,"d":"72.00"}]
[285,"钢丝网","1600*4000","m2",6.4,{"v":215,"d":"215.00"},{"v":1376,"d":"1376.00"}]
[286,"脚架【铝合金】",null,"付",2,{"v":247,"d":"247.00"},{"v":494,"d":"494.00"}]
[287,"铜芯电缆线","2*4","米",100,{"v":9.7,"d":"9.70"},{"v":970,"d":"970.00"}]
[288,"波纹管",800,"米",42,{"v":287,"d":"287.00"},{"v":12054,"d":"12054.00"}]
[289,"塑马","800*1400加重","组",70,{"v":132,"d":"132.00"},{"v":9240,"d":"9240.00"}]
[290,"杀虫喷雾剂",null,"瓶",2,{"v":32,"d":"32.00"},{"v":64,"d":"64.00"}]
[291,"六角钻尾","12*25*600","盒",12,{"v":57,"d":"57.00"},{"v":684,"d":"684.00"}]
[292,"钢钉卡",20,"包",10,{"v":14.2,"d":"14.20"},{"v":142,"d":"142.00"}]
[293,"钢钉卡",25,"包",10,{"v":17.2,"d":"17.20"},{"v":172,"d":"172.00"}]
[294,"钢绳","14*4","根",1,{"v":131.5,"d":"131.50"},{"v":131.5,"d":"131.50"}]
[295," 铜鼻子"," ","个",30,{"v":6,"d":"6.00"},{"v":180,"d":"180.00"}]
[296,"塑马","800*1400加重","组",70,{"v":132,"d":"132.00"},{"v":9240,"d":"9240.00"}]
[297,"加厚型水带  ",100,"根",1,{"v":197,"d":"197.00"},{"v":197,"d":"197.00"}]
[298,"不锈钢喉箍","90-110","个",34,{"v":7.9,"d":"7.90"},{"v":268.6,"d":"268.60"}]
[299,"接扣",110,"付",1,{"v":21.5,"d":"21.50"},{"v":21.5,"d":"21.50"}]
[300,"波纹管",200,"米",30,{"v":32,"d":"32.00"},{"v":960,"d":"960.00"}]
[301,"草皮【仿真】","2.5*25","m2",1250,{"v":6,"d":"6.00"},{"v":7500,"d":"7500.00"}]
[302,"水龙头【铜丝】",null,"个",1,{"v":85,"d":"85.00"},{"v":85,"d":"85.00"}]
[303,"阻断熔器","100A","个",10,{"v":35,"d":"35.00"},{"v":350,"d":"350.00"}]
[304,"橡胶密封圈","DN65","张",50,{"v":12,"d":"12.00"},{"v":600,"d":"600.00"}]
[305,"橡胶密封圈","DN80","张",30,{"v":15,"d":"15.00"},{"v":450,"d":"450.00"}]
[306,"警示灯","太阳能","个",25,{"v":20,"d":"20.00"},{"v":500,"d":"500.00"}]
[307,"衬塑丝接弯头","50*90","个",20,{"v":51.5,"d":"51.50"},{"v":1030,"d":"1030.00"}]
[308,"衬塑内丝直接","DN50","个",10,{"v":24,"d":"24.00"},{"v":240,"d":"240.00"}]
[309,"衬塑外丝直接","DN50","个",10,{"v":24,"d":"24.00"},{"v":240,"d":"240.00"}]
[310,"衬塑补芯","50*15","个",1,{"v":17,"d":"17.00"},{"v":17,"d":"17.00"}]
[311,"衬塑丝接三通","DN50","个",1,{"v":62,"d":"62.00"},{"v":62,"d":"62.00"}]
[312,"衬塑钢管","DN15","米",6,{"v":62,"d":"62.00"},{"v":372,"d":"372.00"}]
[313,"衬塑丝接弯头","15*90","个",10,{"v":22,"d":"22.00"},{"v":220,"d":"220.00"}]
[314,"衬塑内丝直接","DN15","个",3,{"v":39,"d":"39.00"},{"v":117,"d":"117.00"}]
[315,"铜球阀",15,"个",1,{"v":12,"d":"12.00"},{"v":12,"d":"12.00"}]
[316,"U型钢卡",50,"个",20,{"v":7.2,"d":"7.20"},{"v":144,"d":"144.00"}]
[317,"法兰【丝扣】","DN50","片",4,{"v":62,"d":"62.00"},{"v":248,"d":"248.00"}]
[318,"螺栓","14M","套",16,{"v":6,"d":"6.00"},{"v":96,"d":"96.00"}]
[319,"伸缩接加长","110*220","个",10,{"v":32,"d":"32.00"},{"v":320,"d":"320.00"}]
[320,"特种水泥钢钉",7,"盒",25,{"v":15,"d":"15.00"},{"v":375,"d":"375.00"}]
[321,"外丝直接",50,"个",30,{"v":23,"d":"23.00"},{"v":690,"d":"690.00"}]
[322,"卡箍弯头","DN65","个",20,{"v":75,"d":"75.00"},{"v":1500,"d":"1500.00"}]
[323,"铜芯防护闸阀","DN65","个",4,{"v":417,"d":"417.00"},{"$f":"F325*E325","v":{"v":1668,"d":"1668.00"}}]
[324,"消声止回阀","DN65","个",2,{"v":139,"d":"139.00"},{"v":278,"d":"278.00"}]
[325,"碳钢平焊法兰","DN65","片",8,{"v":65,"d":"65.00"},{"v":520,"d":"520.00"}]
[326,"橡胶密封圈","DN65","张",20,{"v":12,"d":"12.00"},{"v":240,"d":"240.00"}]
[327,"胶带【黑】","5M","圈",30,{"v":7.5,"d":"7.50"},{"v":225,"d":"225.00"}]
[328,"波纹管",200,"m ",240,{"v":32,"d":"32.00"},{"v":7680,"d":"7680.00"}]
[329,"钻头","20*200","根",2,{"v":22,"d":"22.00"},{"v":44,"d":"44.00"}]
[330,"钻头","16*200","根",2,{"v":22,"d":"22.00"},{"v":44,"d":"44.00"}]
[331," 角磨机","手提式","台",1,{"v":375,"d":"375.00"},{"v":375,"d":"375.00"}]
[332,"补洞模板",50,"套",20,{"v":17,"d":"17.00"},{"v":340,"d":"340.00"}]
[333,"补洞模板",75,"套",10,{"v":17,"d":"17.00"},{"v":170,"d":"170.00"}]
[334,"植筋胶",null,"桶",10,{"v":105,"d":"105.00"},{"v":1050,"d":"1050.00"}]
[335,"沟卡","60加厚型","套",200,{"v":12,"d":"12.00"},{"v":2400,"d":"2400.00"}]
[336,"沟卡","80加厚型","套",500,{"v":12,"d":"12.00"},{"v":6000,"d":"6000.00"}]
[337,"内撑",500,"根",2000,{"v":4.5,"d":"4.50"},{"v":9000,"d":"9000.00"}]
[338,"丝杆","1m","根",500,{"v":10.5,"d":"10.50"},{"v":5250,"d":"5250.00"}]
[339,"螺帽蝴蝶卡",null,"套",600,{"v":8,"d":"8.00"},{"v":4800,"d":"4800.00"}]
[340,"钢绳","14*4","根",1,{"v":132,"d":"132.00"},{"v":132,"d":"132.00"}]
[341,"卸扣 吊勾"," ","个",8,{"v":67,"d":"67.00"},{"v":536,"d":"536.00"}]
[342,"波纹管",200,"根",54,{"v":32,"d":"32.00"},{"v":1728,"d":"1728.00"}]
[343,"热缩套",200,"个",31,{"v":32,"d":"32.00"},{"v":992,"d":"992.00"}]
[344,"胶圈",200,"个",9,{"v":7.5,"d":"7.50"},{"v":67.5,"d":"67.50"}]
[345,"球墨铸铁密封闸阀【重型】","DN200","个",1,{"v":1597,"d":"1597.00"},{"v":1597,"d":"1597.00"}]
[346,"法兰头对接","DN200","个",2,{"v":82,"d":"82.00"},{"v":164,"d":"164.00"}]
[347,"法兰盘","DN200","片",2,{"v":117,"d":"117.00"},{"v":234,"d":"234.00"}]
[348,"法兰胶垫","DN200","套",2,{"v":15,"d":"15.00"},{"v":30,"d":"30.00"}]
[349,"抢修接","DN200","套",1,{"v":355,"d":"355.00"},{"v":355,"d":"355.00"}]
[350,"抢修接",110,"套",1,{"v":157,"d":"157.00"},{"v":157,"d":"157.00"}]
[351,"pe给水管A型","63*1.6","根",6,{"v":31.5,"d":"31.50"},{"v":189,"d":"189.00"}]
[352,"PE直接【对接】","200*63","个",1,{"v":105,"d":"105.00"},{"v":105,"d":"105.00"}]
[353,"电容弯头","110*45","个",4,{"v":117,"d":"117.00"},{"v":468,"d":"468.00"}]
[354,"电容直接","DN110","个",2,{"v":57,"d":"57.00"},{"v":114,"d":"114.00"}]
[355,"电容弯头","110*90","个",4,{"v":115,"d":"115.00"},{"v":460,"d":"460.00"}]
[356,"PE 三通",20,"个",20,{"v":5.5,"d":"5.50"},{"v":110,"d":"110.00"}]
[357,"PE 快接",20,"个",20,{"v":15,"d":"15.00"},{"v":300,"d":"300.00"}]
[358," 钻头 方",350,"根",10,{"v":42,"d":"42.00"},{"v":420,"d":"420.00"}]
[359,"塑马","800*1400加重","组",300,{"v":136,"d":"136.00"},{"v":40800,"d":"40800.00"}]
[360,"毛巾",null,"张",10,{"v":17,"d":"17.00"},{"v":170,"d":"170.00"}]
[361,"皮尺架式","50米","个",2,{"v":142,"d":"142.00"},{"v":284,"d":"284.00"}]
[362,"围尺",null,"个",1,{"v":18,"d":"18.00"},{"v":18,"d":"18.00"}]
[363,"铜芯电线",2.5,"圈",2,{"v":275,"d":"275.00"},{"v":550,"d":"550.00"}]
[364,"脚架【铝合金】",null,"付",1,{"v":247,"d":"247.00"},{"v":247,"d":"247.00"}]
[365,"给水室内不锈钢管卡 ","DN65","个",35,{"v":42,"d":"42.00"},{"v":1470,"d":"1470.00"}]
[366,"碳钢平焊法兰","DN65","片",11,{"v":65,"d":"65.00"},{"v":715,"d":"715.00"}]
[367,"沟槽大小头直接","80*65","个",6,{"v":45,"d":"45.00"},{"v":270,"d":"270.00"}]
[368,"沟槽卡箍弯头","80*90","个",22,{"v":52,"d":"52.00"},{"v":1144,"d":"1144.00"}]
[369,"给水室内不锈钢管卡 ","DN80","个",8,{"v":55,"d":"55.00"},{"v":440,"d":"440.00"}]
[370,"丝接内丝弯头","50*90","个",40,{"v":27,"d":"27.00"},{"v":1080,"d":"1080.00"}]
[371,"法兰【丝口】","DN50","片",16,{"v":65,"d":"65.00"},{"v":1040,"d":"1040.00"}]
[372,"PE法兰",75,"套",9,{"v":115,"d":"115.00"},{"v":1035,"d":"1035.00"}]
[373,"PE法兰",100,"套",3,{"v":115,"d":"115.00"},{"v":345,"d":"345.00"}]
[374,"板牙","1/2--3/4","付",1,{"v":82,"d":"82.00"},{"v":82,"d":"82.00"}]
[375,"板牙","25-50","付",1,{"v":82,"d":"82.00"},{"v":82,"d":"82.00"}]
[376,"内丝弯头","80-90","个",10,{"v":47,"d":"47.00"},{"v":470,"d":"470.00"}]
[377,"法兰【丝口】","DN80","片",20,{"v":78,"d":"78.00"},{"v":1560,"d":"1560.00"}]
[378,"铜芯防护阀门","DN80","台",6,{"v":437,"d":"437.00"},{"v":2622,"d":"2622.00"}]
[379,"铜芯防护闸阀","DN80","台",6,{"v":437,"d":"437.00"},{"v":2622,"d":"2622.00"}]
[380,"沟槽勾丝三通","80*15","个",6,{"v":87,"d":"87.00"},{"v":522,"d":"522.00"}]
[381,"压力表",null,"套",6,{"v":57,"d":"57.00"},{"v":342,"d":"342.00"}]
[382,"橡胶泵开软接头",80,null,6,{"v":182,"d":"182.00"},{"v":1092,"d":"1092.00"}]
[383,"铜芯防护阀门","DN50","台",4,{"v":447,"d":"447.00"},{"v":1788,"d":"1788.00"}]
[384,"液体生料带给水","给水","支",10,{"v":55,"d":"55.00"},{"v":550,"d":"550.00"}]
[385,"碳钢平焊法兰","DN80","片",14,{"v":65,"d":"65.00"},{"v":910,"d":"910.00"}]
[386,"沟槽勾丝大小直接","80*50","个",6,{"v":45,"d":"45.00"},{"v":270,"d":"270.00"}]
[387,"给水室内不锈钢管卡 ","DN80","个",30,{"v":55,"d":"55.00"},{"$f":"F389*E389","v":{"v":1650,"d":"1650.00"}}]
[388,"法兰【丝口】","DN50","片",10,{"v":62,"d":"62.00"},{"$f":"F390*E390","v":{"v":620,"d":"620.00"}}]
[389,"U型钢卡",80,"套",20,{"v":8,"d":"8.00"},{"$f":"F391*E391","v":{"v":160,"d":"160.00"}}]
[390,"胶垫",80,"张",20,{"v":4.5,"d":"4.50"},{"$f":"F392*E392","v":{"v":90,"d":"90.00"}}]
[391,"电容弯头","110*90","个",4,{"v":115,"d":"115.00"},{"$f":"F393*E393","v":{"v":460,"d":"460.00"}}]
[392,"丝杆","1m","根",400,{"v":12,"d":"12.00"},{"$f":"F394*E394","v":{"v":4800,"d":"4800.00"}}]
[393,"螺帽蝴蝶卡",null,"套",1000,{"v":6,"d":"6.00"},{"$f":"F395*E395","v":{"v":6000,"d":"6000.00"}}]
[394,"螺帽蝴蝶卡",null,"套",500,{"v":6,"d":"6.00"},{"$f":"F396*E396","v":{"v":3000,"d":"3000.00"}}]
[395,"缝卡",2.5,"个",400,{"v":4,"d":"4.00"},{"$f":"F397*E397","v":{"v":1600,"d":"1600.00"}}]
[396,"钢网","1000*2000","m2",12,{"v":167,"d":"167.00"},{"$f":"F398*E398","v":{"v":2004,"d":"2004.00"}}]
[397,"钢边止水带",400,"米",20,{"v":57,"d":"57.00"},{"$f":"F399*E399","v":{"v":1140,"d":"1140.00"}},null,null,"  "]
[398,"不锈钢喉箍","65*89","个",100,{"v":3.8,"d":"3.80"},{"$f":"F400*E400","v":{"v":380,"d":"380.00"}}]
[399,"感应器",6,"根",16,{"v":52,"d":"52.00"},{"$f":"F401*E401","v":{"v":832,"d":"832.00"}}]
[400,"感应器",8,"根",10,{"v":75,"d":"75.00"},{"$f":"F402*E402","v":{"v":750,"d":"750.00"}}]
[401,"吊带","5T*6","根",1,{"v":119,"d":"119.00"},{"$f":"F403*E403","v":{"v":119,"d":"119.00"}}]
[402,"试压模 【加厚型】","175*185*150","个",{"v":12,"d":"12.00"},{"v":39,"d":"39.00"},{"$f":"F404*E404","v":{"v":468,"d":"468.00"}}]
[403,"胶带",200,"卷",10,{"v":12,"d":"12.00"},{"$f":"F405*E405","v":{"v":120,"d":"120.00"}}]
[404,"不锈钢多用盆【加厚型】","40cm","个",4,{"v":65,"d":"65.00"},{"$f":"F406*E406","v":{"v":260,"d":"260.00"}}]
["合计",{"$nulls":5},{"$f":"SUM(G4:G406)","v":{"v":467290.3,"d":"467290.30"}}]
["注：1.报价包含税率13%、项目到场、运费 。"]